Statistiques concernant Inazuma Eleven - Toutes les supertechniques du FF

Cliquez ici pour prendre le quiz!

Statistiques générales

  • Ce quiz a été pris 329 fois
  • Le résultat moyen est 23 sur 51

Statistiques - réponses

EquipeRéponse% Correct
KirkwoodTriangle Z
80%
ZeusSavoir suprême
79%
OcculteTir fantôme
79%
ZeusInstant céleste
78%
CybertechProtecto-bulle
75%
Royal AcademyTriangle de la mort
75%
Royal AcademyTacle de la mort
72%
ZeusMuraille géante
66%
Royal AcademyBouclier d'énergie
65%
TerriaMuraille infinie
64%
ZeusMuraille tsunami
63%
KirkwoodScie circulaire
62%
CybertechTornade de feu
62%
Royal AcademyManchot empereur n°2
61%
KirkwoodTornade inversée
61%
OcculteDistorsion
60%
Royal AcademyBouclier d'énergie totale
58%
ZeusFlèche céleste
56%
Royal AcademyTir puissance 2
55%
ZeusTir ricochets
54%
ZeusAttaque tempête
53%
ShurikenBalle de terre
48%
WildSaut de tarzan
48%
ZeusMéga séisme
46%
TerriaTir aveuglant
45%
OtakuConfusion
43%
ShurikenHolo-dribble
43%
OtakuBatte toute-puissante
41%
CybertechBlocage fusée
41%
CybertechTir de barrage
37%
ShurikenTornades
37%
WildAttaque du condor
36%
TerriaHache du bûcheron
36%
ShurikenToile d'araignée
36%
Royal AcademyCyclone
35%
OtakuBalle factice
34%
Royal AcademyTir rafale
34%
TerriaDanse des bambous
33%
ShurikenDétriplement
32%
KirkwoodBlocage de force
25%
ShurikenOmbre furtive
25%
WildSouffle du serpent
25%
ShurikenTir puissance 3
24%
WildTatou géant
21%
WildPirouette du singe
20%
TerriaFeinte de la taupe
15%
KirkwoodFlèche ouragan
15%
TerriaSuper rotation
12%
ShurikenCône de sable
8%
ShurikenAile de grue
4%
OtakuClible mouvante
2%

Distribution des résultats

Percentile par nombre de réponses

% des personnes avec chaque résultat

Votre développement - résultats

Vous n’avez pas pris ce quiz